Residents' choice (Record no. 108784)

MARC details
000 -LEADER
fixed length control field 02562cad a22002535a 4500
001 - CONTROL NUMBER
control field L145392
008 - FIXED-LENGTH DATA ELEMENTS--GENERAL INFORMATION
fixed length control field 081002e20081001xxk f 000 0 eng d
020 ## - INTERNATIONAL STANDARD BOOK NUMBER
International Standard Book Number 9781409805441
035 ## - SYSTEM CONTROL NUMBER
System control number (Sirsi) u145392
041 0# - LANGUAGE CODE
Language code of text/sound track or separate title eng
050 04 - LIBRARY OF CONGRESS CALL NUMBER
Classification number 306.11 $2 18
110 2# - MAIN ENTRY--CORPORATE NAME
Corporate name or jurisdiction name as entry element United Kingdom
Subordinate unit Department for Communities and Local Government
9 (RLIN) 4939
245 00 - TITLE STATEMENT
Title Residents' choice
Remainder of title guidance on tenant management and other options supported through the Tenant Empowerment Programme
Medium [electronic resource]
260 ## - PUBLICATION, DISTRIBUTION, ETC.
Place of publication, distribution, etc. London
Name of publisher, distributor, etc. DCLG
Date of publication, distribution, etc. 2008
505 2# - FORMATTED CONTENTS NOTE
Formatted contents note What's it all about?: can we do it for ourselves?; controlling housing services; the possible benefits; what is right for us?; support under the Tenant Empowerment Programme; getting more help, landlords and lead advisor; how do we make sure things go to plan? -- Exploring the options: taking control; choosing the route that's right for you; getting started; getting all the help you need; consulting and involving your community; training; outcomes from the Exploring the Options stage; funding the work programme; applying for Tenant Empowerment Grant
505 2# - FORMATTED CONTENTS NOTE
Formatted contents note Feasibility and development: the work programme; the right skills for the job; Approved Assessor, first visit; what you will do in your feasibility and development study; working in partnership; making a difference; winning and holding support; strengthening your committee; competence; moving on, offer and ballot on a TMO; what happens now? -- Now it's for real: implementation (entering into an agreement); completing the management agreement; choosing your staff team; setting up your office; what happens now? -- Appendices: choosing a constitution that's right for you; choosing a lead advisor; person specification for lead advisor; sample tri-partite agreement; RTM proposal notice; useful contacts; glossary
520 ## - SUMMARY, ETC.
Summary, etc. Handbook gives guidance to residents who live in social housing who are contemplating taking control of housing services. Looks at ways in which residents can get advice and explore their choices for having more influence over services in their communities. Also explains how to form a Tenant Management Organisation (TMO) or negotiate local management agreements.
521 ## - TARGET AUDIENCE NOTE
Target audience note Advanced
590 ## - LOCAL NOTE (RLIN)
Local note KA
651 #4 - SUBJECT ADDED ENTRY--GEOGRAPHIC NAME
Geographic name United Kingdom
Chronological subdivision
690 ## - LOCAL SUBJECT ADDED ENTRY--TOPICAL TERM (OCLC, RLIN)
Topical term or geographic name as entry element PROPERTY-RESIDENTIAL PROPERTY-RESIDENTIAL PROPERTY TENURE-LEASEHOLD RESIDENTIAL PROPERTY
856 40 - ELECTRONIC LOCATION AND ACCESS
Uniform Resource Identifier <a href="https://www.communities.gov.uk/publications/housing/residentchoiceguidance">https://www.communities.gov.uk/publications/housing/residentchoiceguidance</a>
Public note View the item free of charge online at www.communities.gov.uk...
942 ## - ADDED ENTRY ELEMENTS (KOHA)
Suppress in OPAC 0
Holdings
Withdrawn status Lost status Source of classification or shelving scheme Damaged status Not for loan Home library Current library Shelving location Date acquired Total Checkouts Full call number Barcode Date last seen Copy number Price effective from Koha item type
    Dewey Decimal Classification     Virtual Virtual Online 02/10/2008   ONLINE PUBLICATION 145392-1001 06/08/2019 1 06/08/2019 Book